Selected topics in inorganic chemistry / (Record no. 38502)

MARC details
000 -LEADER
fixed length control field 00744nam a22002177a 4500
005 - DATE AND TIME OF LATEST TRANSACTION
control field 20100802101625.0
010 ## - LCCN (DPL NO)
LC control number ENG-97559
020 ## - INTERNATIONAL STANDARD BOOK NUMBER
International Standard Book Number 9789380211329
Terms of availability 70.00
035 ## - SYSTEM CONTROL NUMBER
System control number EN-81092
037 ## - SOURCE OF ACQUISITION
Source of stock number/acquisition DBAD/PUB
082 ## - DEWEY DECIMAL CLASSIFICATION NUMBER
Classification number 546
100 ## - MAIN ENTRY--PERSONAL NAME
Personal name Rebeckal, J. Jeyaseeli
245 ## - TITLE STATEMENT
Title Selected topics in inorganic chemistry /
Statement of responsibility, etc by J. Jeyaseeli Rebeckal
260 ## - PUBLICATION, DISTRIBUTION, ETC. (IMPRINT)
Place of publication, distribution, etc Pollachi (Tamilnadu)
Name of publisher, distributor, etc Ethirveliyedu
Date of publication, distribution, etc 2008
270 ## - ADDRESS
Address 305, Police Station Road, Pollachi
City Pollachi
Postal code 642001
300 ## - PHYSICAL DESCRIPTION
Extent 112p.
Dimensions 21cm (pbk)
650 ## - SUBJECT ADDED ENTRY--TOPICAL TERM
Topical term or geographic name as entry element Chemistry
650 ## - SUBJECT ADDED ENTRY--TOPICAL TERM
Topical term or geographic name as entry element Inorganic Chemistry
942 ## - ADDED ENTRY ELEMENTS (KOHA)
Source of classification or shelving scheme Dewey Decimal Classification
Item type English Books
Classification part 546
Call number suffix REB
Holdings
Withdrawn status Lost status Not for loan Collection code Home library Current library Date acquired Source of acquisition Cost, normal purchase price Full call number Barcode Copy number Cost, replacement price Koha item type
    Not For Loan Non-fiction D.B.Act.Division D.B.Act.Division 02/08/2010 DBAD/PUB 70.00 546 REB EN-81092 1 70.00 English Books

© Delhi Public Library
Hit Counter
free hit counter